书目信息 |
| 题名: |
三元里人民抗英斗争史料
|
|
| 作者: | 广东省文史研究馆 编 | |
| 分册: | ||
| 出版信息: | 北京 中华书局 1978.8 |
|
| 页数: | 448页 | |
| 开本: | 20cm | |
| 丛书名: | ||
| 单 册: | ||
| 中图分类: | K253.16 | |
| 科图分类: | ||
| 主题词: | 中国--历史--1840~1949 | |
| 电子资源: | ||
| ISBN: | ||
| 000 | 00601nam0 2200193 45 | |
| 001 | 0312221749 | |
| 005 | 20070729151423.61 | |
| 010 | @dCNY1.75 | |
| 100 | @a20031222d1978 km y0chiy0120 ea | |
| 101 | @achi | |
| 200 | 1 | @a三元里人民抗英斗争史料@ASan Yuan Li Ren Min Kang Ying Dou Zheng Shi Liao@f广东省文史研究馆编@FGuang Dong Sheng Wen Shi Yan Jiu Guan Bian |
| 205 | @a修订版 | |
| 210 | @a北京@c中华书局@d1978.8 | |
| 215 | @a448页@d20cm | |
| 606 | 0 | @a中国@x历史@z1840~1949 |
| 690 | @aK253.16@v3 | |
| 701 | 0 | @a广东省文史研究馆@4编 |
| 801 | @aCN@bTSTCL@c20070729 | |
| 905 | @a213230@dK253.16@e4 | |
| 三元里人民抗英斗争史料/广东省文史研究馆编.-修订版.-北京:中华书局,1978.8 |
| 448页;20cm |
| ISBN :CNY1.75 |
| ● |
| 相关链接 |
|
|
|
|
正题名:三元里人民抗英斗争史料
索取号:K253.16/4
 
预约/预借
| 序号 | 登录号 | 条形码 | 馆藏地/架位号 | 状态 | 备注 |
| 1 | 0456359 | 204563597 | 密集书库/ [索取号:K253.16/4] | 在馆 | |
| 2 | 0456360 | 204563604 | 密集书库/ [索取号:K253.16/4] | 在馆 | |
| 3 | 0466360 | 204663603 | 密集书库/ [索取号:K253.16/4] | 在馆 | |
| 4 | 0787451 | 207874512 | 密集书库/ [索取号:K253.16/4] | 在馆 |